| Tag |
First Indicator |
Second Indicator |
Subfields |
| LEADER |
00000cam a2200000 4500 |
| 001 |
in00000029715 |
| 005 |
20151007062915.0 |
| 008 |
740530s1920 enk 00010 eng u |
| 010 |
|
|
|a 21001705
|
| 035 |
|
|
|a (OCoLC)00904072
|
| 035 |
|
|
|9 AAD6070AM
|
| 040 |
|
|
|c WOO
|d TXA
|d UtOrBLW
|
| 049 |
|
|
|a TXAM
|c [308617]
|
| 050 |
0 |
0 |
|a PR1181
|b .R67
|
| 092 |
|
|
|a 821.04
|b R754o
|
| 100 |
1 |
|
|a Rollins, Hyder Edward,
|d 1889-1958.
|
| 245 |
1 |
0 |
|a Old English ballads, 1553-1625 :
|b chiefly from manuscripts /
|c ed. by Hyder E. Rollins.
|
| 264 |
|
1 |
|a Cambridge :
|b The University Press,
|c 1920.
|
| 300 |
|
|
|a xxxi, 423 pages ;
|c 23 cm.
|
| 336 |
|
|
|a text
|b txt
|2 rdacontent
|
| 337 |
|
|
|a unmediated
|b n
|2 rdamedia
|
| 338 |
|
|
|a volume
|b nc
|2 rdacarrier
|
| 505 |
0 |
|
|a Introduction.-- Ballads relating to Queen Mary I. (nos. 1-6) Ballads on Protestant martyrs (no. 7-9)-- Catholic ballads (nos. 10-25)--Protestant and moralizing ballads (nos. 26-63)-- Miscellaneous ballads (nos. 64-75)-- Appendix I: The parliament of devils.-- Appendix II: A singular salve for a sick soul.-- Index of first lines, titles, and tunes.-- Glossarial index.
|
| 610 |
2 |
0 |
|a Catholic Church
|v Controversial literature.
|
| 650 |
|
0 |
|a Ballads, English.
|
| 651 |
|
0 |
|a Great Britain
|x History
|y Tudors, 1485-1603
|v Sources.
|
| 610 |
2 |
0 |
|a Catholic Church
|x Doctrines.
|
| 999 |
|
|
|a MARS
|
| 999 |
f |
f |
|s 760e8f6e-d677-32c8-8dd1-84295f3a1219
|i 4740aa98-b42b-3a2e-b27e-f4b16565b9f1
|t 0
|
| 952 |
f |
f |
|p normal
|a Texas A&M University
|b College Station
|c Sterling C. Evans Library
|d Evans: Library Stacks
|t 0
|e PR1181 .R67
|h Library of Congress classification
|i unmediated -- volume
|m A14801290045
|
| 998 |
f |
f |
|a PR1181 .R67
|t 0
|l Evans: Library Stacks
|